• 首页
  • 本馆介绍
  • 公告通知
  • 最新文献
  • 馆藏检索
  • 电子资源
  • 读者导购
  • 参考咨询
  • 我的图书馆
  • 登录
  • 详细信息显示
  • 放入我的书架
  • 预约/预借图书
  • 作者相关作品
  • 分类相关作品
  • 丛书相关作品
  • 出版社相关作品

书目信息

  • 表格格式
  • 工作单格式
  • 卡片格式
题名:
防癌指南
    
 
作者: 罗森鲍姆 , Rosenbaum 著 ;唐秀民 , 张遗美 , 芦继贤 译
分册:  
出版信息: 济南   山东科学技术出版社  1986
页数: 440页
开本: 20cm
丛书名:
单 册:
中图分类: R73 , R730.1
科图分类:
主题词: 癌--防治 , 肿瘤学
电子资源:
ISBN:
000 00868nam0 2200313 45
001 0186013488
005 20040524081604.7
010    @dCNY3.30
091    @a14195.226
100    @a19901012d1986 em y0chiy0121 ea
101 1  @achi@ceng
102    @aCN@b370000
105    @ay z 000yy
106    @ar
200 10 @a防癌指南@Afang ai zhi nan@f(美)罗森鲍姆(Rosenbaum,E.H.)著@g唐秀民等译
210    @a济南@c山东科学技术出版社@d1986
215    @a440页@d20cm
606    @a癌@x防治
606 0  @a肿瘤学
690    @aR73@v3
690    @aR730.1
701  1 @a罗森鲍姆@Aluo sen bao mu@bE.H.@4著
701 A1 @aRosenbaum@bE.H.@4著
702  0 @a唐秀民@Atang xiu min@4译
702  0 @a张遗美@Azhang yi mei@4译
702  0 @a芦继贤@Alu ji xian@4译
801  0 @aCN@b深圳图书馆@c20040524
801  2 @aCN@bNLC@c20040524
905    @f1@f1@b253026@b253025@dR730.1@e13
    
    防癌指南/(美)罗森鲍姆(Rosenbaum,E.H.)著/唐秀民等译.-济南:山东科学技术出版社,1986
    440页;20cm
    
    
    ISBN :CNY3.30
    
●
相关链接 在E读中查询图书 在五车中查询图书 在当当中查询图书 在豆瓣中查询图书


正题名:防癌指南     索取号:R730.1/13         预约/预借

序号 登录号 条形码 馆藏地/架位号 状态 备注
1 0253025   000716498   第三借阅区/ [索取号:R730.1/13] 在馆    
2 0253026   000716540   第三借阅区/ [索取号:R730.1/13] 在馆    
3 0253027   000716452   第二样本阅览室/ [索取号:R730.1/13] 在馆    
唐山师范学院图书馆 欢迎您!
大连网信软件有限公司© 版权所有